Política Exterior de México: 175 años de historia /

Enregistré dans:
Détails bibliographiques
Collectivités auteurs: Banco Nacional de Comercio Exterior, Secretaría de Relaciones Exteriores
Format: Texte
Publié: México, D.F: BNCE
Tags: Ajouter un tag
Pas de tags, Soyez le premier à ajouter un tag!

MARC

LEADER 00000 a a2200000 04500
001 25510
003
040
020 |a 968-810-107-9  
090 |a 152903  
110 |a Banco Nacional de Comercio Exterior  
245 |a Política Exterior de México: 175 años de historia /  |c Banco Nacional de Comercio Exterior  
260 |a México, D.F:   |b BNCE  
300 |a 541 p  
710 |a Secretaría de Relaciones Exteriores  
999 |c 16555  |d 16555